000 00650nam a2200205Ii 4500
003 JO-AjNU
008 230605s9999||||xx |||||||||||||| ||und||
017 _a2004/12/2862
040 _aJO-AjNU
_bara
_erda
_cJO-AjNU
041 _aara
050 1 4 _aQE28.2.A28 2004
100 3 _aابو عواد ، ابراهيم,
_eauthor
_914245
245 0 0 _aالمرجع السهل في علم الاحتمالات
264 3 1 _aعمان:دار البشير ، 2004
300 _a94ص
336 _atext
_btxt
_2rdacontent
337 _aunmediated
_bn
_2rdamedia
338 _avolume
_bnc
_2rdacarrier
650 4 _aالاحصاء -الاحتمالات
_914246
999 _aA3753
_c7321
_d7321